GRE: Computer based test (Record no. 168636)

MARC details
000 -LEADER
fixed length control field 00405nam a2200145Ia 4500
008 - FIXED-LENGTH DATA ELEMENTS--GENERAL INFORMATION
fixed length control field 231217s9999 xx 000 0 und d
041 ## - LANGUAGE CODE
Language code of text/sound track or separate title English
082 ## - DEWEY DECIMAL CLASSIFICATION NUMBER
Classification number 620.076 BOB;1 `R'
100 ## - MAIN ENTRY--PERSONAL NAME
Personal name Bobrow, JerryOrton, Peter Z . ContCasson, Allan Cont
245 #0 - TITLE STATEMENT
Title GRE: Computer based test
250 ## - EDITION STATEMENT
Edition statement 6th ed.
260 ## - PUBLICATION, DISTRIBUTION, ETC.
Date of publication, distribution, etc. 2002
Name of publisher, distributor, etc. IDG Books, India (P) LTD. N.Delhi
300 ## - PHYSICAL DESCRIPTION
Extent viii+436
942 ## - ADDED ENTRY ELEMENTS (KOHA)
Koha item type Books
Holdings
Date last seen Total checkouts Full call number Accession number Cost, total (INR) price Price effective from Category Lost status Damaged status Department Withdrawn status Home library Current library Shelving location Entry date Vendor Cost, normal purchase price Grants Billnumber Billdate Currency symbol Conversion rate Discount Old discount
26/01/2024   620.076 BOB;1 `R' 20647 254.15 26/01/2024 Books     F-Block Annex   Central Library Central Library F-Block Library Annex 24/06/2002 Sai Books 299.00 GEN 1258 06/10/2004 RS 1 44.85 15

© For any Suggestions or Query, please contact the library staff @ librarian@pes.edu or Phone: +9180 2672 1983/ 2108.